Institucions de dret català : parafernals / Oficina d'Estudis Jurídics parafernals / Oficina d'Estudis Jurídics
Descripción Física:
149 p. ; 22 cm
MARC
| LEADER | 00000nam a2200000Ia 4500 | ||
|---|---|---|---|
| 001 | 1084 | ||
| 008 | 160829s1921 xx 000 0 cat d | ||
| 710 | 2 | |a Catalunya. |b Mancomunitat |9 53015 | |
| 856 | 4 | |u https://media.diba.cat/diba/fitxers/arxiu/mancomunitat/bib_1084_1921_web.pdf |y Accés lliure | |
| 952 | |0 0 |1 0 |4 0 |6 D1111 |7 1 |9 44238 |a Arxiu |b Arxiu |d 2016-12-01 |l 0 |o D-1-111 |p 1084 |r 2016-12-01 00:00:00 |w 2016-12-01 |y ARXIU | ||
| 999 | |c 46818 |d 46818 | ||
| 080 | |a D-1-111 | ||
| 100 | |a Catalunya. Mancomunitat. Oficina d'Estudis Jurídics |9 27010 | ||
| 245 | |a Institucions de dret català : |b parafernals / Oficina d'Estudis Jurídics | ||
| 260 | |a Barcelona : |b Ed. Catalana, |c 1921 | ||
| 300 | |a 149 p. ; |c 22 cm | ||
| 590 | |a Hi ha un duplicat: DUP-127 | ||
| 650 | |a Dret català |9 27013 | ||
| 650 | |a Matrimoni |x Dret i legislació |x Catalunya |9 27012 | ||
| 901 | |a Arxiu | ||
| 942 | |n 1 |2 udc | ||